Manual de hematología / (Record no. 32983)

MARC details
000 -LEADER
campo de control de longitud fija 00632nam a2200193 i 4500
001 - NÚMERO DE CONTROL
campo de control 32983
003 - IDENTIFICADOR DE NÚMERO DE CONTROL
campo de control ES-MaACL
007 - CAMPO FIJO DE DESCRIPCIÓN FÍSICA--INFORMACIÓN GENERAL
campo de control de longitud fija t|
008 - DATOS DE LONGITUD FIJA--INFORMACIÓN GENERAL
campo de control de longitud fija 030131s1975 sp ||||1| spa d
100 1# - ENTRADA PRINCIPAL--NOMBRE DE PERSONA
Nombre de persona Bernard, Juan.
9 (RLIN) 28244
245 10 - MENCIÓN DEL TÍTULO
Título Manual de hematología /
Mención de responsabilidad, etc. por Juan Bernard, Jean-Paul Lévy ; prólogo Manuel Ribas Mundó ; versión B. Nomdedeu Tobella.
250 ## - MENCION DE EDICION
Mención de edición 1ª ed.
260 ## - PUBLICACIÓN, DISTRIBUCIÓN, ETC.
Lugar de publicación, distribución, etc. Barcelona :
Nombre del editor, distribuidor, etc. Toray Masson,
Fecha de publicación, distribución, etc. [1975]
300 ## - DESCRIPCIÓN FÍSICA
Extensión 281 p. :
Otras características físicas il. ;
Dimensiones 21 cm.
700 1# - ENTRADA AGREGADA--NOMBRE PERSONAL
Nombre de persona Lévy, Jean-Paul.
9 (RLIN) 72003
700 1# - ENTRADA AGREGADA--NOMBRE PERSONAL
Nombre de persona Ribas Mundó, Manuel.
9 (RLIN) 96730
700 1# - ENTRADA AGREGADA--NOMBRE PERSONAL
Nombre de persona Nomdedeu Tobella, B.
9 (RLIN) 85934
852 ## - LOCALIZACIÓN
Ubicación ES-MaACL
Número de control de estantería E-8598
Sublocalización o colección R.93050
Holdings
Estatus retirado Estado de pérdida Estado de daño No para préstamo Biblioteca de origen Biblioteca actual Ubicación en estantería Fecha de adquisición Fuente de adquisición Total de préstamos Signatura topográfica completa Código de barras Visto por última vez Precio de reemplazo Tipo de ítem Koha
        Biblioteca del Ateneo de Madrid Biblioteca del Ateneo de Madrid Depósito 2 17/01/2008     E-8598 1034278 23/02/2023 23/02/2023 Libro impreso